书目信息 |
| 题名: |
世界军事未解之谜
|
|
| 作者: | 张立洁 , 姚晓华 编著 | |
| 分册: | ||
| 出版信息: | 北京 中国书籍出版社 2004.10 |
|
| 页数: | 185页 | |
| 开本: | 23cm | |
| 丛书名: | 彩色未解之谜系列 | |
| 单 册: | ||
| 中图分类: | E19-49 | |
| 科图分类: | ||
| 主题词: | 军事史--jun shi shi--世界--普及读物 | |
| 电子资源: | ||
| ISBN: | 7-5068-1097-2 | |
| 000 | 01133nam 2200277 450 | |
| 001 | 010250862246 | |
| 005 | 20051115093408.06 | |
| 010 | @a7-5068-1097-2@dCNY29.80 | |
| 100 | @a20051025d2004 km y0chiy0121 ea | |
| 101 | 0 | @achi |
| 102 | @aCN@b110000 | |
| 105 | @aa a 001yy | |
| 200 | 1 | @a世界军事未解之谜@Ashi jie jun shi wei jie zhi mi@d= Unsolved mysteries of world military affairs@f张立洁, 姚晓华编著@Fzhang li jie,yao xiao hua bian zhu@zeng |
| 210 | @a北京@c中国书籍出版社@d2004.10 | |
| 215 | @a185页@c图@d23cm | |
| 225 | 2 | @a彩色未解之谜系列@Acai se wei jie zhi mi xi lie |
| 320 | @a有书目和索引。 | |
| 330 | @a本书通过全新的视角研究和探索军事谜题,在参考了大量军事文献、解密资料,并结合最新研究成果的基础上,揭开了众多富有传奇与神秘色彩以及一些处于历史演进紧要关头的军事谜题的真相与内幕。 | |
| 410 | 0 | @12001 @a彩色未解之谜系列 |
| 510 | 1 | @aUnsolved mysteries of world military affairs@zeng |
| 606 | 0 | @a军事史@Ajun shi shi@y世界@x普及读物 |
| 690 | @aE19-49@v4 | |
| 701 | 0 | @a张立洁@Azhang li jie@4编著 |
| 701 | 0 | @a姚晓华@Ayao xiao hua@4编著 |
| 801 | 0 | @aCN@bQSSK@c20051115 |
| 905 | @a10447@dE19-49@eZ132 | |
| 世界军事未解之谜= Unsolved mysteries of world military affairs/张立洁, 姚晓华编著.-北京:中国书籍出版社,2004.10 |
| 185页:图;23cm.-(彩色未解之谜系列) |
| ISBN 7-5068-1097-2:CNY29.80 |
| 本书通过全新的视角研究和探索军事谜题,在参考了大量军事文献、解密资料,并结合最新研究成果的基础上,揭开了众多富有传奇与神秘色彩以及一些处于历史演进紧要关头的军事谜题的真相与内幕。 |
| ● |
| 相关链接 |
|
|
|
正题名:世界军事未解之谜
索取号:E19-49/Z132
 
预约/预借
| 序号 | 登录号 | 条形码 | 馆藏地/架位号 | 状态 | 备注 |
| 1 | 576235 | 205762352 | 社科库509/509社科库 115排1列4层/ [索取号:E19-49/Z132] | 在馆 | |
| 2 | 576236 | 205762361 | 社科库509/509社科库 115排1列4层/ [索取号:E19-49/Z132] | 在馆 | |
| 3 | 576237 | 205762370 | 社科库509/509社科库 115排1列4层/ [索取号:E19-49/Z132] | 在馆 |